• 首页
  • 本馆介绍
  • 公告通知
  • 最新文献
  • 馆藏检索
  • 电子资源
  • 读者导购
  • 参考咨询
  • 我的图书馆
  • 登录
  • 详细信息显示
  • 放入我的书架
  • 预约/预借图书
  • 作者相关作品
  • 分类相关作品
  • 丛书相关作品
  • 出版社相关作品

书目信息

  • 表格格式
  • 工作单格式
  • 卡片格式
题名:
茶叶鉴赏购买指南
    
 
作者: 赵玉香 , 俞元宵 主编
分册:  
出版信息: 长春   时代文艺出版社  2013
页数: 337页
开本: 24cm
丛书名:
单 册:
中图分类: TS272.5
科图分类:
主题词: 茶叶--鉴赏--基本知识 , 茶叶--选购--基本知识
电子资源:
ISBN: 978-7-5387-3419-5
000 00989nam0 2200277 450
001 339262
005 20150608095707.14
010    @a978-7-5387-3419-5@b软精装@dCNY68.00
100    @a20130827d2013 em y0chiy50 ea
101 0  @achi
102    @aCN@b220000
105    @aa z 000yy
106    @ar
200 1  @a茶叶鉴赏购买指南@Acha ye jian shang gou mai zhi nan@e2012-2013全新升级版@f赵玉香, 俞元宵主编
205    @a第3版
210    @a长春@c时代文艺出版社@d2013
215    @a337页@c图@d24cm
300    @a紫图书库 6408 Brand名牌 005
330    @a本书分为综述篇和茶叶篇两部分, 收录188种中国常见茶和小众珍稀茶, 对每款茶叶不仅有产区、历史、采摘、辨别、茶具选择、冲泡方法的详细介绍, 还有专家精辟的饮法及口感描述。
606 0  @a茶叶@x鉴赏@x基本知识
606 0  @a茶叶@x选购@x基本知识
690    @aTS272.5@v5
701  0 @a赵玉香@Azhao yu xiang@c(女, @f1965)@4主编
701  0 @a俞元宵@Ayu yuan xiao@c(女)@4主编
801  0 @aCN@b卓展宏图@c20150525
905    @dTS272.5@e172=3@f3
    
    茶叶鉴赏购买指南:2012-2013全新升级版/赵玉香, 俞元宵主编.-第3版.-长春:时代文艺出版社,2013
    337页:图;24cm
    紫图书库 6408 Brand名牌 005
    
    ISBN 978-7-5387-3419-5(软精装):CNY68.00
    本书分为综述篇和茶叶篇两部分, 收录188种中国常见茶和小众珍稀茶, 对每款茶叶不仅有产区、历史、采摘、辨别、茶具选择、冲泡方法的详细介绍, 还有专家精辟的饮法及口感描述。
●
相关链接 在E读中查询图书 在五车中查询图书 在当当中查询图书 在豆瓣中查询图书


正题名:茶叶鉴赏购买指南     索取号:TS272.5/172=3         预约/预借

序号 登录号 条形码 馆藏地/架位号 状态 备注
1 864311   208643119   第二样本阅览室/ [索取号:TS272.5/172=3] 在馆    
2 864312   208643128   第三借阅区/ [索取号:TS272.5/172=3] 在馆    
3 864313   208643137   第三借阅区/ [索取号:TS272.5/172=3] 在馆    
唐山师范学院图书馆 欢迎您!
大连网信软件有限公司© 版权所有